[Event "Championnat de France 2014"]
[Site "Nimes"]
[Date "2014.08.21"]
[Round "5"]
[White "Chabanon, Jean-Luc"]
[Black "Gharamian, Tigran"]
[Result "1/2-1/2"]
[WhiteElo "2485"]
[BlackElo "2657"]
[PlyCount "67"]
[EventDate "2014.??.??"]
[EventCountry "FRA"]

1. d4 Nf6 2. c4 e6 3. Nf3 d5 4. Nc3 Bb4 5. Bg5 h6 6. Bxf6 Qxf6 7. e3 c5 8. cxd5
exd5 9. Bb5+ Bd7 10. Bxd7+ Nxd7 11. O-O Bxc3 12. bxc3 O-O 13. dxc5 Qc6 14. Nd4
Qxc5 15. Nf5 Nf6 16. Qd4 Qxd4 (16... Qb6 17. Qxb6 axb6 18. Rfb1 Ra6 19. h3 Rfa8
20. Rb2 Kf8 21. Rab1 Nd7 22. Rd1 Nf6 23. Rd4 Rc8 24. Rdb4 Nd7 25. Rd2 Ra5 26.
e4 Nf6 27. e5 Nd7 28. c4 Nxe5 29. cxd5 Nc4 30. Rc2 Rac5 31. a4 h5 32. Nd4 Ne5
33. Re2 Rxd5 34. Nb5 Rd1+ 35. Kh2 Nd3 36. Rd4 Re8 {1/2-1/2 (36) Nikolic,P 
(2630)-Tal,M (2630) Wijk aan Zee 1988}) 17. cxd4 Rfd8 18. Rfc1 (18. Rab1 Rab8
19. f3 h5 20. Rfc1 g6 21. Ng3 Rd6 22. Rc7 Ra6 23. Rb2 b5 24. Ne2 b4 25. Nc1 Re6
26. Kf2 a5 27. Nd3 Ne8 28. Rc5 Nd6 29. Nf4 Nc4 30. Re2 a4 31. Nxd5 Nd6 32. Rb2
b3 33. Nc3 Ra8 34. axb3 a3 35. Ra2 Nf5 36. Nd5 Rea6 37. Nc7 {1-0 (37) Ftacnik,
L (2550)-Smejkal,J (2545) Prague 1990}) 18... g6 19. Ng3 Rdc8 20. Rab1 b5 21.
f3 a6 22. Ne2 Nd7 23. Nf4 Nb6 24. Rc5 g5 25. Nd3 Na4 26. Rxc8+ Rxc8 27. Rb3 Kg7
28. Nb4 a5 29. Nxd5 Rc1+ 30. Kf2 Rc2+ 31. Kf1 Rc1+ 32. Kf2 Rc2+ 33. Kf1 Rc1+
34. Kf2 1/2-1/2

[Event "Championnat de France 2014"]
[Site "Nimes"]
[Date "2014.08.23"]
[Round "6"]
[White "Bacrot, Etienne"]
[Black "Dorfman, Iossif"]
[Result "1/2-1/2"]
[WhiteElo "2720"]
[BlackElo "2571"]
[PlyCount "70"]
[EventDate "2014.??.??"]
[EventCountry "FRA"]

1. d4 Nf6 2. c4 g6 3. f3 Nc6 4. d5 Ne5 5. e4 d6 6. Nc3 Bg7 7. f4 Ned7 8. Nf3
O-O 9. Be2 e5 10. dxe6 fxe6 11. O-O Nc5 (11... Qe7 12. Ng5 Nc5 13. Qc2 e5 14.
f5 c6 15. Be3 h6 16. Nh3 b6 17. Rad1 gxf5 18. exf5 Bb7 19. b4 Ncd7 20. Bf3 e4
21. Be2 Ne5 22. Nxe4 Nxe4 23. Qxe4 c5 24. Rd5 Bxd5 25. Qxd5+ Nf7 26. Rf3 Qe5
27. Nf4 Qxd5 28. Nxd5 Ne5 29. Rf1 Nd7 30. Nc7 Rac8 31. Ne6 Rf6 32. b5 Nf8 33.
Nf4 Rxf5 34. Bg4 Re8 35. Bxf5 Rxe3 36. g4 Be5 37. Kg2 Ra3 38. Rf2 Bxf4 39. Rxf4
Rxa2+ 40. Rf2 Ra3 41. Rd2 Rc3 42. Rxd6 Rxc4 43. Rxh6 Rb4 44. Rc6 Rxb5 45. Rc7
a5 46. Ra7 c4 47. Kf3 c3 48. Rc7 Rc5 49. Rxc5 bxc5 50. Ke2 Kf7 51. Kd3 Ng6 52.
Kxc3 {1/2-1/2 (52) Richter,M (2482)-Danin,A (2519) Wunsiedel GER 2012}) 12. e5
dxe5 13. Nxe5 Qe7 14. Be3 c6 15. Qc2 a5 16. Kh1 Nfd7 17. Ng4 e5 18. f5 Rxf5 19.
Rxf5 gxf5 20. Qxf5 Nf8 21. Qh5 Bxg4 22. Bxg4 Nd3 23. Bf5 Nf4 24. Qg4 Qb4 25.
Ne4 Qxb2 26. Re1 Rd8 27. Bxf4 exf4 28. Be6+ Kh8 29. Ng5 Re8 {4-5} 30. h4 Qf6
31. Qh5 Qg6 32. Nf7+ Kg8 33. Nh6+ Kh8 34. Nf7+ Kg8 35. Nh6+ Kh8 1/2-1/2

[Event "Championnat de France 2014"]
[Site "Nimes"]
[Date "2014.08.23"]
[Round "6"]
[White "Gharamian, Tigran"]
[Black "Fressinet, Laurent"]
[Result "0-1"]
[WhiteElo "2657"]
[BlackElo "2708"]
[PlyCount "106"]
[EventDate "2014.??.??"]
[EventCountry "FRA"]

1. e4 e5 2. Nf3 Nc6 3. Bb5 Nf6 4. d4 exd4 5. O-O a6 6. Ba4 Be7 7. Qe2 O-O 8. e5
Nd5 9. Rd1 Nb6 10. Bxc6 dxc6 11. Rxd4 (11. Nxd4 Qe8 12. Nc3 c5 13. Nf3 Bf5 14.
a4 Rd8 15. a5 Rxd1+ 16. Qxd1 Nd7 17. Nd5 Bd8 18. Bf4 Be4 19. Nc3 Bc6 20. Qd3
Qe6 21. Re1 Bxf3 22. Qxf3 c6 23. Ne4 Bxa5 24. Ng5 Qg6 25. Re2 h6 26. Ne4 Bc7
27. h3 Re8 28. e6 Ne5 29. Bxe5 Bxe5 30. Nxc5 Bd6 31. exf7+ Qxf7 32. Qxf7+ Kxf7
33. Rxe8 Kxe8 34. Nxb7 Be5 35. b3 Bd4 36. Nd6+ Kd7 37. Nf5 Bf6 38. Kf1 Ke6 39.
Ne3 Kd6 40. Ke2 Kc5 41. Kd3 Kb4 42. f4 a5 43. Ng4 Bb2 44. Ne5 c5 45. Nc4 Bf6
46. Ne3 Ba1 47. Nd5+ Kb5 48. c4+ Ka6 49. Ke4 a4 50. bxa4 Ka5 51. Nc7 Kxa4 52.
Kd5 Bd4 53. Ne6 Be3 54. f5 {1-0 (54) Cao Sang (2445)-Estrada Nieto,J (2360)
Budapest 1996}) 11... Qe8 12. Nc3 c5 13. Rd1 Qc6 14. Bg5 Bxg5 15. Nxg5 Bf5 16.
g4 Qg6 17. f4 Bxc2 18. Rd2 h6 19. Rxc2 hxg5 20. f5 Qh6 21. Ne4 Nd5 22. Rxc5 Nf4
23. Qe3 Rad8 24. Nf2 Rd7 25. Rac1 c6 26. Re1 Rfd8 27. e6 fxe6 28. fxe6 Re7 29.
Re5 Rd6 30. Qc5 Rexe6 31. R1e3 Qg6 32. Rf5 Qe8 33. Rfe5 Rxe5 34. Rxe5 Re6 35.
Qc4 b5 36. Rxe6 Qxe6 37. Qxe6+ Nxe6 38. Ne4 c5 39. Kf2 Kf7 40. Ke3 Ke7 41. a4
Kd7 42. axb5 axb5 43. Nd2 Kd6 44. Ke4 c4 45. Nf3 b4 46. h4 gxh4 47. Nxh4 b3 48.
Nf3 c3 49. Kd3 c2 50. Kd2 Kd5 51. Ne1 Nf4 52. Nxc2 bxc2 53. Kxc2 Ng6 0-1

[Event "Championnat de France 2014"]
[Site "Nimes"]
[Date "2014.08.23"]
[Round "6"]
[White "Edouard, Romain"]
[Black "Degraeve, Jean-Marc"]
[Result "1-0"]
[WhiteElo "2680"]
[BlackElo "2566"]
[PlyCount "71"]
[EventDate "2014.??.??"]
[EventCountry "FRA"]

1. d4 Nf6 2. c4 g6 3. g3 Bg7 4. Bg2 O-O 5. Nc3 d6 6. Nf3 Nbd7 7. O-O e5 8. e4
exd4 9. Nxd4 Re8 10. Qc2 c6 11. Rd1 Qe7 12. b3 Nc5 13. f3 a5 14. Be3 d5 15.
cxd5 Nxd5 16. Nxc6 bxc6 17. Nxd5 cxd5 18. Bxc5 Qc7 19. exd5 Bxa1 20. Rxa1 Ba6
21. d6 Qd7 22. Rd1 Re2 23. Qc3 Rae8 $2 24. Bf1 $1 Rxa2 25. Bxa6 Qh3 26. Rd2
Re1+ 27. Kf2 Rh1 28. Rxa2 Rxh2+ 29. Ke3 Qe6+ (29... Rxa2 30. Qe5 $18) 30. Kd4
Rxa2 31. Qe3 Qf6+ 32. Kd5 Qd8 33. Kc6 Rc2 34. Qe7 Qb8 35. d7 Rd2 36. Qe8+ 1-0

[Event "Championnat de France 2014"]
[Site "Nimes"]
[Date "2014.08.23"]
[Round "6"]
[White "Bauer, Christian"]
[Black "Sokolov, Andrei"]
[Result "1-0"]
[WhiteElo "2658"]
[BlackElo "2556"]
[PlyCount "71"]
[EventDate "2014.??.??"]
[EventCountry "FRA"]

1. e4 c5 2. Nf3 e6 3. d4 cxd4 4. Nxd4 Nc6 5. Nc3 Qc7 6. Be3 a6 7. Qd2 Nf6 8.
O-O-O Bb4 9. f3 O-O 10. g4 b5 11. Kb1 Bb7 12. g5 Nh5 13. Nb3 (13. Nxc6 Bxc6 14.
Bh3 f5 15. gxf6 Nxf6 16. Bf4 Qa5 17. Be5 Rf7 18. Rhg1 Raf8 19. a3 Be7 20. Nd5
Qxd2 21. Nxe7+ Rxe7 22. Rxd2 Ne8 23. Rg3 Ref7 24. Rd3 h6 25. Rc3 Bb7 26. Bg4
Nf6 27. Bxf6 Rxf6 28. Rc7 Bc6 29. h4 Re8 30. Ra7 Ra8 31. Rc7 Kf7 32. Rg1 Ke7
33. Rd1 Rff8 34. Kc1 g6 35. h5 gxh5 36. Bxh5 Rg8 37. Bg4 Rg5 38. Rh1 h5 39.
Rxh5 Rxh5 40. Bxh5 Kd6 41. Rxc6+ dxc6 42. Kd2 a5 43. Ke3 Rh8 44. Bg4 Rh2 45.
Kd3 {0-1 (45) Hansen,E (2454)-Ivanisevic,I (2655) Wheeling USA 2012}) (13. a3
Ba5 14. Nb3 b4 15. Na4 bxa3 16. Nxa5 Qxa5 17. Qxa5 Nxa5 18. Nb6 Rad8 19. Bc5 d6
20. Bxa3 f5 21. Nc4 Nxc4 22. Bxc4 fxe4 23. Bxe6+ Kh8 24. fxe4 Nf4 25. Bb3 Bxe4
26. Rhf1 h5 27. gxh6 g5 28. Bxd6 Rfe8 29. Be5+ Kh7 30. Rxd8 Rxd8 31. Bf6 Rb8
32. Re1 Bf5 33. Bxg5 Rxb3 34. Re7+ Kg6 35. Rg7+ Kh5 36. Bxf4 {1-0 (36) Bauer,C
(2633)-Sokolov,A (2558) Nancy FRA 2013}) 13... Ne5 14. Qd4 Bxc3 15. Qxc3 Qxc3
16. bxc3 Rac8 17. Nc5 Bc6 18. Be2 d5 19. Rhe1 Nc4 20. Bxc4 bxc4 21. e5 a5 22.
Ka1 Ra8 23. Rb1 Rfb8 24. Na6 Rxb1+ 25. Rxb1 Ba4 26. Nc7 Rc8 27. Rb7 Bxc2 28.
Nb5 f6 29. Nd6 Ra8 30. gxf6 gxf6 31. exf6 Nxf6 32. Bd4 Rd8 $2 (32... Rf8 $14)
33. Nf7 Rd7 34. Nh6+ Kf8 35. Rb2 {1-30"} Rg7 36. Rb8+ 1-0

[Event "Championnat de France 2014"]
[Site "Nimes"]
[Date "2014.08.23"]
[Round "6"]
[White "Roser, Kevin"]
[Black "Maze, Sebastien"]
[Result "0-1"]
[WhiteElo "2400"]
[BlackElo "2565"]
[PlyCount "86"]
[EventDate "2014.??.??"]
[EventCountry "FRA"]

1. e4 Nc6 2. Nf3 g6 3. d4 Bg7 4. Nc3 d6 5. d5 Ne5 6. Nxe5 Bxe5 7. Be2 Bg7 8.
O-O Nf6 9. Bg5 c6 10. Qd2 (10. Re1 O-O 11. Qd2 (11. a4 Qb6 12. Ra3 h6 13. Be3
Qc7 14. a5 Bd7 15. Qd2 Kh7 16. f3 b5 17. axb6 axb6 18. Rea1 Rxa3 19. Rxa3 cxd5
20. exd5 Rb8 21. Rb3 Be8 22. Nb5 Qb7 23. c4 Nd7 24. Ra3 Ra8 25. Rxa8 Qxa8 26.
Nc7 Qc8 27. Nxe8 Qxe8 28. Qb4 Qa8 29. Kf2 Nc5 30. Qb5 Qa2 31. Qe8 Qxb2 32. Bxc5
bxc5 33. Qxf7 Qd4+ {1/2-1/2 (33) Filipenko,A (2376)-Mubarakshin,M (2056)
Nabereznye Chelny 2010}) 11... Re8 12. Bf1 Bd7 13. Rad1 cxd5 14. exd5 Rc8 15.
Be3 a6 16. Bd4 b5 17. a3 Bg4 18. Rc1 h5 19. Ne4 Nxe4 20. Rxe4 Bf5 21. Bxg7 Kxg7
22. Re3 e5 23. dxe6 Rxe6 24. Rxe6 Bxe6 25. c3 Bb3 26. Re1 Qf6 27. Be2 Re8 28.
Bf3 Re5 29. h3 a5 30. Re3 Bc4 31. Qd4 h4 32. b4 axb4 33. axb4 g5 34. g3 Be6 35.
Bg2 Bc4 36. gxh4 gxh4 37. Rxe5 dxe5 38. Qg4+ Kf8 39. Qc8+ Kg7 40. Qg4+ Kf8 41.
Qc8+ {1/2-1/2 (41) Stohl,I (2531)-Kovalev,A (2535) Graz AUT 2009}) 10... cxd5
11. exd5 O-O 12. Rfe1 Bf5 13. Bc4 Rc8 14. Bb3 a6 15. Re2 Re8 16. Rae1 Bg4 17.
f3 Bd7 18. Kh1 h5 19. Re3 b5 20. a3 Kf8 21. Qe2 Ng8 22. Nd1 a5 23. h3 Qc7 24.
c3 b4 {10-50} 25. axb4 axb4 26. g4 bxc3 27. Nxc3 Qb6 28. Ba2 Rb8 29. Nd1 Bb5
30. Qd2 Qd4 31. Qxd4 Bxd4 32. Re4 Bf6 33. Bxf6 Nxf6 34. Rd4 Ba6 35. Rd2 Rb4 36.
Kg2 Rc8 37. Re3 h4 38. Rc3 Rcb8 39. Rcc2 Nd7 40. Nc3 Nc5 41. Nd1 Nd3 42. Rc6
Nf4+ 43. Kh2 Be2 0-1

[Event "Championnat de France 2014"]
[Site "Nimes"]
[Date "2014.08.23"]
[Round "6"]
[White "Cornette, Matthieu"]
[Black "Chabanon, Jean-Luc"]
[Result "1-0"]
[WhiteElo "2533"]
[BlackElo "2485"]
[PlyCount "99"]
[EventDate "2014.??.??"]
[EventCountry "FRA"]

1. Nf3 d5 2. d4 Nf6 3. g3 Bf5 4. c4 c6 5. Nc3 dxc4 6. Ne5 Nbd7 7. Nxc4 Nb6 8.
Ne5 g6 (8... e6 9. Bg2 h6 10. O-O Be7 11. e4 Bh7 12. Be3 O-O 13. Qe2 Nfd7 14.
Nxd7 Qxd7 15. a4 Rad8 16. Rfc1 Rfe8 17. a5 Nc8 18. a6 Nb6 19. axb7 Qxb7 20. Na4
Nxa4 21. Rxa4 Rb8 22. h4 Rec8 23. Rc2 Bd8 24. Qc4 Qd7 25. b3 Bb6 26. Rc3 Bg6
27. e5 Qd8 28. Qa6 Rc7 29. Bf3 Rd7 30. h5 Bf5 31. g4 Bxg4 32. Bxg4 Bxd4 33.
Bxd4 Rxd4 34. Qxa7 Rbb4 35. Rxb4 Rxb4 36. Bf3 Qg5+ 37. Kf1 Qxe5 38. Qa8+ Kh7
39. Qxc6 Qf5 40. Re3 Qh3+ 41. Ke2 Qh2 42. Be4+ f5 43. Bxf5+ {1-0 (43) Short,N 
(2691)-Shengelia,D (2523) Baku 2007}) 9. Bg2 Bg7 10. O-O O-O 11. e4 Be6 12. f4
Qc8 13. b3 Rd8 14. Ba3 c5 15. d5 Bh3 16. Bxh3 Qxh3 17. Bxc5 Rac8 18. Bd4 e6 19.
Rf3 exd5 20. g4 Qh4 21. Bf2 dxe4 22. Qf1 Qh6 23. g5 Qh5 24. Rh3 Rxc3 25. Rxc3
Ng4 26. Rh3 Nxe5 27. Rxh5 Nf3+ 28. Kg2 Nd5 29. Rd1 Nxf4+ 30. Kh1 Nd3 31. Bxa7
gxh5 32. Qe2 Bd4 33. Rxd3 exd3 34. Qxd3 Rc8 35. Qxf3 Rc1+ 36. Kg2 Rc2+ 37. Kf1
Bxa7 38. a4 Rc1+ 39. Ke2 Rc2+ 40. Kd3 Rc6 41. b4 h4 42. Qe4 Bg1 43. b5 Rg6 44.
Qg2 Rd6+ 45. Kc2 Be3 46. Qxb7 Bxg5 47. b6 Rd2+ 48. Kc3 Ra2 49. Kb3 Ra1 50. Qe4
1-0

[Event "Championnat de France 2014"]
[Site "Nimes"]
[Date "2014.08.24"]
[Round "7"]
[White "Degraeve, Jean-Marc"]
[Black "Bacrot, Etienne"]
[Result "1/2-1/2"]
[WhiteElo "2566"]
[BlackElo "2720"]
[PlyCount "74"]
[EventDate "2014.??.??"]
[EventCountry "FRA"]

1. e4 e5 2. Nf3 Nc6 3. Bc4 Bc5 4. O-O Nf6 5. d3 O-O 6. Nbd2 d6 7. c3 a6 8. Bb3
h6 9. Re1 Be6 10. Nf1 Bxb3 11. Qxb3 Qd7 12. Be3 Bxe3 13. Nxe3 Ne7 14. Qc2 (14.
Rad1 Ng6 15. Nf5 Rfe8 16. c4 Rab8 17. Qc3 Ne7 18. N3h4 c5 19. Nxe7+ Rxe7 20.
Nf5 Re6 21. b4 b5 22. Rb1 Rc8 23. Qa3 cxb4 24. Rxb4 bxc4 25. Rxc4 Rxc4 26. dxc4
Qc6 27. Qg3 Ne8 28. Qd3 Nf6 {Zhigalko,S (2671)-Alekseev,E (2692) Riga LAT 2014
1/2-1/2 (34)}) 14... Rfe8 15. d4 Ng6 16. dxe5 Nxe5 17. Nxe5 Rxe5 18. f3 d5 19.
Nxd5 Nxd5 20. exd5 Qxd5 21. Rxe5 Qxe5 22. Rd1 Re8 23. Qd2 h5 24. h4 b6 25. b3
b5 26. Kf2 Qf6 27. Qd4 Qe7 28. Kg3 Qe2 29. Qd2 Qe5+ 30. Kf2 Qe7 31. Kg3 Qf6 32.
Qd4 Qg6+ 33. Kf2 Qf5 34. Qd5 Qc2+ 35. Qd2 Qf5 36. Qd5 Qc2+ 37. Qd2 Qf5 1/2-1/2

[Event "Championnat de France 2014"]
[Site "Nimes"]
[Date "2014.08.24"]
[Round "7"]
[White "Chabanon, Jean-Luc"]
[Black "Edouard, Romain"]
[Result "0-1"]
[WhiteElo "2485"]
[BlackElo "2680"]
[PlyCount "114"]
[EventDate "2014.??.??"]
[EventCountry "FRA"]

1. d4 e6 2. c4 b6 3. e4 Bb7 4. Nc3 Bb4 5. Qc2 Qh4 6. Bd3 Bxc3+ 7. bxc3 f5 8. g3
Qh5 ({RR} 8... Qe7 9. f3 fxe4 10. fxe4 Qf7 11. Qe2 Ne7 12. Nf3 O-O 13. O-O Qh5
14. Ba3 d6 15. Qe3 h6 16. c5 dxc5 17. dxc5 Nbc6 18. Bc4 Rf6 19. Nd4 Ne5 20.
Bxe6+ Rxe6 21. Nxe6 Nc4 22. Qd4 Ne5 23. Rae1 {Santiago,Y (2409)-Deus Filho,J 
(2040) Maringa BRA 2013 1-0}) 9. f3 Ne7 (9... Nc6 10. Bf4 fxe4 11. fxe4 e5 12.
Be2 Qf7 13. dxe5 Nge7 14. Nf3 Ng6 15. Qd2 O-O 16. Qd5 Na5 17. Qxf7+ Rxf7 18. e6
dxe6 19. Ng5 Re7 20. Bd3 h6 21. Nh3 e5 22. Be3 Ba6 23. O-O-O Bxc4 24. Bb1 Rf8
25. Rhe1 Be6 26. Nf2 Nc4 {0-1 (26) Pechenkin,V (2345)-Kraai,J (2502) Edmonton
2010}) 10. Ne2 (10. Ba3 Nbc6 11. O-O-O d6 12. Qg2 O-O 13. Ne2 fxe4 14. fxe4
Qg5+ 15. Kb1 e5 16. d5 Na5 17. Rdf1 Ng6 18. Qh3 Bc8 19. Rxf8+ Nxf8 20. Qf1 Qh5
21. Qf2 Bh3 22. Rg1 Qg4 23. Nc1 Ng6 24. Qe3 Qd7 25. Qe2 Rf8 26. Nb3 Bg4 27. Qb2
Nb7 28. Rf1 Rxf1+ 29. Bxf1 Qf7 {0-1 (65) Velichko,A (1714)-Popov,A (2229)
Samara RUS 2011}) 10... Qxf3 11. Rf1 Qg4 12. exf5 Nbc6 13. Nf4 O-O-O 14. fxe6
dxe6 15. Be2 Qf5 16. Qxf5 exf5 17. Ne6 Rdg8 18. Bf4 Ng6 19. Bd2 (19. Bxc7 Re8
20. Nxg7 Reg8 21. d5 Rxg7 22. dxc6 Bxc6 23. Bd6 f4 24. Bxf4 Nxf4 25. Rxf4 Re8)
19... Kb8 20. d5 Nce7 21. h4 Ba6 22. h5 Nf8 23. Nd8 h6 24. Nf7 Rh7 25. Ne5 Kc8
{10-22} 26. a4 Nd7 27. Nxd7 Kxd7 28. a5 Bb7 29. axb6 axb6 30. Ra7 Kc8 31. Bf3 {
5-17} Kb8 32. Rxb7+ Kxb7 33. d6+ Nc6 34. Bf4 cxd6 35. Bxd6 Rd8 36. Bf4 Rd3 37.
Ke2 Rxc3 38. Bd5 Rh8 39. Kd2 Ra3 40. Re1 Rc8 41. Re6 Ra2+ 42. Ke3 Rh2 43. Bf3
Rb2 44. Bd5 b5 45. Be5 Rb3+ 46. Kf4 bxc4 47. Bxg7 Ra3 48. Rxh6 c3 49. Re6 $6 (
49. Rxc6 Rxc6 50. Bxc6+ Kxc6 51. Bxc3 Rxc3 52. h6 Rc2 53. Kxf5 Kd5 54. h7 Rh2
55. Kg6 Ke5 56. Kg7 Kf5 57. h8=Q Rxh8 58. Kxh8 Kg4 59. Kg7 Kxg3 $11) 49... c2
50. Re1 Ra4+ 51. Kf3 Rd8 52. Bxc6+ Kxc6 53. Rc1 Rd3+ 54. Kg2 Rd2+ 55. Kh3 Ra2
56. Kh4 Rd1 57. Bh6 Ra4+ 0-1

[Event "Championnat de France 2014"]
[Site "Nimes"]
[Date "2014.08.24"]
[Round "7"]
[White "Dorfman, Iossif"]
[Black "Bauer, Christian"]
[Result "1/2-1/2"]
[WhiteElo "2571"]
[BlackElo "2658"]
[PlyCount "28"]
[EventDate "2014.??.??"]
[EventCountry "FRA"]

1. d4 e6 2. c4 Bb4+ 3. Bd2 a5 4. Nf3 Nf6 5. g3 d5 6. Bg2 O-O 7. O-O Be7 ({RR} 
7... Nc6 8. a3 Bxd2 9. Nbxd2 a4 10. Qc2 Bd7 11. Rac1 Qe7 12. e4 dxe4 13. Nxe4
Rfd8 14. Rfe1 Na5 15. Ne5 Be8 16. Rcd1 Nd7 17. f4 Nxe5 18. fxe5 Nb3 19. Qf2 Bc6
20. d5 exd5 21. cxd5 Bxd5 22. Nf6+ {Zelevinsky,V-Osnos,V Leningrad 1967 1/2-1/
2 (37)}) ({RR} 7... b6 8. Ne5 Bb7 9. Nc3 Nbd7 10. Bg5 Be7 11. Qa4 Nxe5 12. dxe5
Ne4 13. Bxe7 Qxe7 14. Nxe4 dxe4 15. Qc2 a4 16. Bxe4 Bxe4 17. Qxe4 Qb4 18. Rab1
Rad8 19. Rfc1 Rd2 20. Rc2 a3 21. Rxd2 Qxd2 22. Qd3 {Perez Ponsa,F (2521)
-Manzone,A (2317) Saenz Pena ARG 2014 1/2-1/2 (50)}) 8. Nc3 (8. Qc2 c6 9. Bf4
Nbd7 10. Rd1 Nh5 11. Bc1 b5 12. cxb5 cxb5 13. e4 dxe4 14. Qxe4 Rb8 15. Ne5 Nhf6
16. Qc2 Nxe5 17. dxe5 Nd7 18. Be3 Bb7 19. f4 Bxg2 20. Qxg2 Qc7 21. Nc3 Rfc8 22.
Rac1 Bc5 23. Bxc5 Qxc5+ 24. Qf2 Qxf2+ 25. Kxf2 Nc5 26. Ke3 h5 27. b3 Kf8 28.
Ne2 Na6 29. Nd4 Nc7 30. Kd3 Rb7 31. f5 Re8 32. Ke4 exf5+ 33. Nxf5 Reb8 34. Rd7
Ne8 35. Rxb7 Rxb7 36. Rc8 Rc7 37. Rb8 f6 38. Nd6 Re7 39. Rxe8+ {1-0 (39) Ju
Wenjun (2535)-Zhao Xue (2579) Tashkent UZB 2013}) 8... c6 (8... dxc4 9. Qa4 c6
10. Qxc4 b5 11. Qd3 b4 12. Ne4 Ba6 13. Nxf6+ Bxf6 14. Qe4 Nd7 15. Rfd1 c5 16.
dxc5 Nxc5 17. Qc2 Qe7 18. Bf4 Rfc8 19. Be5 Nd3 20. Bxf6 Qxf6 21. Qb1 Nxb2 22.
Rd7 Rd8 23. Qe4 Na4 24. Re1 Nc3 25. Qc6 Bb5 26. Rxd8+ Qxd8 27. Qc5 Rc8 28. Qh5
Bxe2 29. h4 h6 30. Kh2 Qd5 31. Qxd5 exd5 32. Nd4 Bc4 33. Bh3 Ra8 34. Re7 Bxa2
35. Rb7 Ne4 36. Nc6 Nxf2 37. Bf5 g6 38. Ne7+ Kf8 39. Bxg6 fxg6 40. Nxg6+ Ke8
41. Re7+ Kd8 42. Rf7 Ng4+ 43. Kh3 Ra6 44. Rf8+ Kd7 45. Rf7+ Ke6 46. Re7+ Kf6
47. h5 Bb1 {0-1 (47) Handke,F (2545)-Gajewski,G (2653) Legnica POL 2013}) 9.
Bf4 Nbd7 10. Ne5 Nh5 11. Bc1 Nhf6 12. Bf4 Nh5 13. Bc1 Nhf6 14. Bf4 Nh5 1/2-1/2

[Event "Championnat de France 2014"]
[Site "Nimes"]
[Date "2014.08.24"]
[Round "7"]
[White "Maze, Sebastien"]
[Black "Gharamian, Tigran"]
[Result "0-1"]
[WhiteElo "2565"]
[BlackElo "2657"]
[PlyCount "114"]
[EventDate "2014.??.??"]
[EventCountry "FRA"]

1. e4 c6 2. d4 d5 3. Nc3 dxe4 4. Nxe4 Nd7 $146 ({RR} 4... Bf5 5. Ng3 Bg6 6. Nf3
Nd7 7. h4 h6 8. h5 Bh7 9. Bd3 Bxd3 10. Qxd3 Qc7 11. Bd2 Ngf6 12. O-O-O e6 13.
Qe2 O-O-O 14. Ne5 Nxe5 15. dxe5 Nd5 16. f4 Bc5 17. Ne4 Be7 18. c4 Nb6 19. b3 {
Boudre,J (2380)-Godefroy,P Cannes 1993 1-0 (53)}) 5. Bc4 Ngf6 6. Nxf6+ Nxf6 7.
Nf3 Bf5 8. O-O e6 9. a4 (9. c3 Be7 10. Bd3 Bg6 11. Bf4 O-O 12. Ne5 a5 13. Nxg6
hxg6 14. a4 Qb6 15. Qe2 c5 16. dxc5 Bxc5 17. Rfd1 Rad8 18. Bc4 Qc6 19. Bb5 Qc8
20. Bg5 e5 21. Bxf6 gxf6 22. Qc4 f5 23. Kf1 e4 24. b4 axb4 25. cxb4 Be7 26.
Qxc8 Rxc8 27. Be2 Rfd8 28. Rxd8+ Rxd8 29. b5 Bf6 30. Rc1 Ra8 31. Rc4 Bd8 32. f3
e3 33. Bd3 Bb6 34. Ke2 Kg7 35. h3 Kf6 36. Rb4 Ke5 37. Rc4 Kd5 38. Ke1 Bc5 39.
Ke2 b6 40. Ke1 Rd8 41. Ke2 g5 42. Ke1 f4 43. Ke2 f5 44. Rc2 Ra8 45. Rc4 Ra7 46.
Ke1 Rg7 47. Ke2 Bd6 48. Rc2 g4 49. hxg4 fxg4 50. Be4+ Ke5 51. a5 bxa5 52. b6
Rg8 53. b7 Rh8 54. Rc8 Rh2 55. Re8+ Kf6 56. fxg4 Rh1 57. g5+ Kxg5 58. Rg8+ Kf6
59. Rg6+ Ke5 60. Rxd6 {1-0 (60) Guseinov,G (2631)-Kamsky,G (2741)
Khanty-Mansiysk RUS 2013}) 9... a5 10. h3 Be7 11. Re1 O-O 12. c3 Rc8 13. Qb3
Qc7 14. Ne5 Nd5 15. Bd2 Rfd8 16. Rad1 Bf6 17. Ng4 Be7 18. Ne5 Bf6 19. Bc1 c5 $1
20. f4 Nb6 {6-15} 21. d5 Bxe5 22. Rxe5 Bc2 23. Qxc2 Nxc4 24. Rh5 g6 25. Rg5 f6
26. Rg4 Rxd5 27. f5 Rxd1+ 28. Qxd1 Ne5 29. fxg6 Nxg4 30. Qxg4 hxg6 31. Qxg6+
Qg7 32. Qh5 Qg3 33. Qe2 Kf7 34. Qh5+ Kg8 35. Qd1 Rf8 36. Bh6 Rf7 37. Qe2 Re7
38. Be3 Qe5 39. Qd3 Kg7 40. Bf2 b6 41. Qd8 Qc7 42. Qd1 Qf4 43. Qd8 Kf7 44. h4
Qc7 45. Qd3 Qf4 46. Qd8 e5 47. Qd5+ Kg7 48. Qd6 Rf7 49. Qe6 e4 50. c4 Qe5 51.
Qh3 f5 52. Be1 Kh7 53. h5 f4 54. Bc3 Qf5 55. Qh4 Rd7 56. Kf2 f3 57. g3 e3+ 0-1

[Event "Championnat de France 2014"]
[Site "Nimes"]
[Date "2014.08.24"]
[Round "7"]
[White "Fressinet, Laurent"]
[Black "Cornette, Matthieu"]
[Result "1/2-1/2"]
[WhiteElo "2708"]
[BlackElo "2533"]
[PlyCount "81"]
[EventDate "2014.??.??"]
[EventCountry "FRA"]

1. d4 Nf6 2. Nf3 d5 3. c4 e6 4. Bg5 h6 5. Bxf6 Qxf6 6. Nc3 Bb4 7. Qa4+ Nc6 8.
e3 O-O 9. Be2 Bd7 10. Qb3 dxc4 11. Qxc4 Qe7 12. a3 ({RR} 12. O-O Na5 13. Qd3 c5
14. d5 Rfd8 15. Rad1 b6 16. Ne5 exd5 17. Nxd7 Bxc3 18. Nxb6 axb6 19. bxc3 Nc4
20. Qb1 Rd6 21. Rfe1 b5 22. h3 Qa7 23. e4 dxe4 24. Qxe4 Rad8 25. Rxd6 Nxd6 26.
Qd5 Qc7 {Bu Xiangzhi (2707)-Vishnu,P (2469) Vlissingen NED 2014 1/2-1/2 (37)})
12... Bd6 13. Ne4 a5 ({RR} 13... f5 14. Nxd6 cxd6 15. O-O d5 16. Qc3 Rac8 17.
Qd2 Rc7 18. Rac1 Rfc8 19. Rc3 Nd8 20. Rfc1 Be8 21. Ne5 Nf7 22. Ng6 Qd8 23. Nf4
Bd7 24. Rxc7 Rxc7 25. Rxc7 Qxc7 26. h4 g5 27. hxg5 hxg5 28. Nh3 {Sargissian,G 
(2676)-Moiseenko,A (2709) Antalya TUR 2013 1/2-1/2 (73)}) 14. O-O a4 15. Nxd6
cxd6 16. Rac1 b5 17. Qc3 Na5 18. Qb4 Nc6 19. Qd2 Na5 20. Qb4 Nc6 21. Qe1 Rfb8
22. d5 exd5 23. Qd2 Qf6 24. Rc2 d4 25. Nxd4 Nxd4 26. exd4 Bf5 27. Rc7 Be4 28.
Rfc1 Qg5 29. Qxg5 hxg5 30. f3 Bd5 31. Rd7 Rb6 32. Bd3 b4 33. axb4 Be6 34. Rdc7
g6 35. b5 a3 36. bxa3 Rxa3 37. Bf1 Bd5 38. Rd7 Ra4 39. Rd1 Bc4 40. Bxc4 Rxc4
41. Rd2 1/2-1/2

[Event "Championnat de France 2014"]
[Site "Nimes"]
[Date "2014.08.24"]
[Round "7"]
[White "Sokolov, Andrei"]
[Black "Roser, Kevin"]
[Result "1-0"]
[WhiteElo "2556"]
[BlackElo "2400"]
[PlyCount "103"]
[EventDate "2014.??.??"]
[EventCountry "FRA"]

1. b3 e5 2. Bb2 Nc6 3. e3 d6 4. d4 exd4 5. exd4 d5 6. Nf3 Nf6 ({RR} 6... Bd6 7.
Be2 Nce7 8. c4 c6 9. O-O Nf6 10. Nbd2 O-O 11. Re1 Bf5 12. Nh4 Bg6 13. Nxg6 Nxg6
14. g3 Re8 15. Qc2 dxc4 16. bxc4 c5 17. d5 Be5 18. Bd3 Qc7 19. Nf3 Bxb2 20.
Qxb2 b6 21. Bxg6 {Nikolac,J (2450)-Matulovic,M (2510) Bjelovar 1979 1-0 (50)})
({RR} 6... Bf5 7. Be2 Nf6 8. O-O Bd6 9. c4 O-O 10. Nc3 Re8 11. a3 Bg4 12. c5
Be7 13. b4 a6 14. Ne5 Bxe2 15. Nxe2 Ne4 16. f3 Ng5 17. Ng3 Bf6 {1/2-1/2 (17)
Short,N (2360)-Nunn,J (2515) London 1980}) 7. Bb5 (7. Bd3 Be7 8. O-O O-O 9. Ne5
Ne4 10. Nxc6 bxc6 11. Nd2 Nxd2 12. Qxd2 Bd6 13. c4 Qf6 14. f4 Bf5 15. Bxf5 Qxf5
16. Rae1 Rfe8 17. c5 Bf8 18. Re5 Qd7 19. Rfe1 f6 20. R5e3 Rxe3 21. Qxe3 Kf7 22.
Qe2 g6 23. g3 Re8 24. Qxe8+ Qxe8 25. Rxe8 Kxe8 26. f5 g5 {1-0 (66) Andreikin,D
(2713)-Potapov,P (2460) Khanty-Mansiysk RUS 2013}) 7... Bd6 8. O-O O-O 9. Ne5
Bd7 10. c4 Re8 11. Bxc6 Bxc6 12. Nxc6 bxc6 13. Nd2 Rb8 14. c5 Be7 15. Nf3 Nd7
16. Qd3 Bf6 17. Bc3 Qc8 18. Rae1 Qb7 19. Bd2 Nf8 20. Bg5 Bxg5 21. Nxg5 h6 22.
Nf3 Ng6 23. g3 a5 24. h4 Qa8 25. h5 Nf8 26. Qf5 a4 27. Ne5 Re7 28. Re3 axb3 29.
axb3 Rbe8 30. Rfe1 Ne6 31. Nxf7 Rxf7 32. Rxe6 Ref8 33. Qc2 Rxf2 34. Qxf2 Rxf2
35. Re8+ Rf8 36. Rxa8 Rxa8 37. Re6 Rb8 38. Rxc6 Rxb3 39. Rxc7 Rxg3+ 40. Kf2 Rd3
41. Rd7 Rxd4 42. c6 Rc4 43. c7 Kh7 44. Ke3 Re4+ 45. Kd3 Rc4 46. Re7 Rc6 47. Kd4
Rc1 48. Kxd5 Rd1+ 49. Ke6 Rc1 50. Kd7 Rd1+ 51. Ke8 Rc1 52. Kd8 1-0